logo

Bir Sreshtho Munshi Abdur Rouf Library
Jhenaidah Cadet College

The language arts in elementary schools. (Record no. 6204)

MARC details
000 -LEADER
fixed length control field 00681nam a2200229 a 4500
001 - CONTROL NUMBER
JCCL Control Number 6204
003 - CONTROL NUMBER IDENTIFIER
JCCL marc code BD-JhCC
005 - DATE AND TIME OF LATEST TRANSACTION
control field 20180125173323.0
008 - FIXED-LENGTH DATA ELEMENTS--GENERAL INFORMATION
fixed length control field 721213s1962 dcu 001 0 eng d
035 ## - SYSTEM CONTROL NUMBER
system control number (BD-JhCC)6204
040 ## - CATALOGING SOURCE
Original cataloging agency BD-JhCC
Transcribing agency DLC
Modifying agency BD-JhCC
041 ## - LANGUAGE CODE
Language code of Book eng
050 00 - LIBRARY OF CONGRESS CALL NUMBER
Classification number LB1576
Item number .P555
082 00 - DEWEY DECIMAL CLASSIFICATION NUMBER
Classification number 372.6
Author mark and Year PET 1965
100 1# - MAIN ENTRY--PERSONAL NAME
Personal name Petty, Walter Thomas,
Dates associated with a name 1918-
245 04 - TITLE STATEMENT
Title The language arts in elementary schools.
Statement of responsibility, etc Walter T. Petty
260 ## - PUBLICATION, DISTRIBUTION, ETC. (IMPRINT)
Place of publication, distribution, etc Washington,
Name of publisher, distributor, etc Center for Applied Research in Education,
Date of publication, distribution, etc 1962.
300 ## - PHYSICAL DESCRIPTION
Pagination 116 p.
Dimensions 24 cm.
490 0# - SERIES STATEMENT
Series statement The Library of education
650 #0 - SUBJECT ADDED ENTRY--TOPICAL TERM
Topical term or geographic name as entry element English language
General subdivision Study and teaching (Elementary)
942 ## - ADDED ENTRY ELEMENTS (KOHA)
Source of classification or shelving scheme Dewey Decimal Classification
Koha item type Books
Holdings
Source of classification or shelving scheme Damaged status Not for loan Home library Current library Shelving location Date of accession Total Checkouts Full call number Barcode Date last seen Copy number Koha item type
Dewey Decimal Classification     JCC Rouf Library JCC Rouf Library General Stacks 01/25/2018   372.6 PET 1965 916 01/16/2018 C - 1 Books

JCC Library | Contacts | JCC Home

Last Update on 23 September 2017
Copyright @ 2017-2020 JCC Rouf Library
Rouf Library, Jhenidah Cadet College (JCC), Bangladesh